<?xml version="1.0" encoding="UTF-8"?>
<record
    xmlns:xsi="http://www.w3.org/2001/XMLSchema-instance"
    xsi:schemaLocation="http://www.loc.gov/MARC21/slim http://www.loc.gov/standards/marcxml/schema/MARC21slim.xsd"
    xmlns="http://www.loc.gov/MARC21/slim">

  <leader>01580nam a2200385 a 4500</leader>
  <controlfield tag="005">20240508104833.0</controlfield>
  <controlfield tag="008">100809s2011||||sp il. f |||| 001 0 spa d</controlfield>
  <datafield tag="020" ind1=" " ind2=" ">
    <subfield code="a">9788480868198</subfield>
  </datafield>
  <datafield tag="041" ind1=" " ind2=" ">
    <subfield code="a">spa</subfield>
  </datafield>
  <datafield tag="092" ind1=" " ind2=" ">
    <subfield code="c">612</subfield>
    <subfield code="l">31</subfield>
    <subfield code="s">GUY</subfield>
  </datafield>
  <datafield tag="100" ind1="1" ind2=" ">
    <subfield code="a">Hall, John E.</subfield>
    <subfield code="9">41</subfield>
  </datafield>
  <datafield tag="245" ind1=" " ind2=" ">
    <subfield code="a">Guyton y Hall. </subfield>
    <subfield code="b">Tratado de Fisiolog&#xED;a M&#xE9;dica /</subfield>
    <subfield code="c">John E. Hall</subfield>
  </datafield>
  <datafield tag="250" ind1=" " ind2=" ">
    <subfield code="a">12 ed. versi&#xF3;n en espa&#xF1;ol de la obra original en ingl&#xE9;s</subfield>
    <subfield code="b">Revisi&#xF3;n Bartolom&#xE9; Bonet Serra</subfield>
  </datafield>
  <datafield tag="260" ind1=" " ind2=" ">
    <subfield code="a">Barcelona:</subfield>
    <subfield code="b">Elsevier ; Saunders;</subfield>
    <subfield code="c">2011.</subfield>
  </datafield>
  <datafield tag="300" ind1=" " ind2=" ">
    <subfield code="a">1092 p.</subfield>
    <subfield code="b">il.</subfield>
  </datafield>
  <datafield tag="500" ind1=" " ind2=" ">
    <subfield code="a">Hall, J. E. (2011). Guyton y Hall. Tratado de fisiolog&#xED;a m&#xE9;dica. (12a ed.). Barcelona : Elsevier ; Saunders.</subfield>
  </datafield>
  <datafield tag="590" ind1=" " ind2=" ">
    <subfield code="a">Compra FACIMED, Junio 2011</subfield>
  </datafield>
  <datafield tag="653" ind1=" " ind2=" ">
    <subfield code="a">Introducci&#xF3;n a la fisiolog&#xED;a: c&#xE9;lula y fisiolog&#xED;a general</subfield>
  </datafield>
  <datafield tag="653" ind1=" " ind2=" ">
    <subfield code="a">Fisiolog&#xED;a de la membrana, el nervio y el m&#xFA;sculo</subfield>
  </datafield>
  <datafield tag="653" ind1=" " ind2=" ">
    <subfield code="a">Coraz&#xF3;n</subfield>
  </datafield>
  <datafield tag="653" ind1=" " ind2=" ">
    <subfield code="a">Circulaci&#xF3;n</subfield>
  </datafield>
  <datafield tag="653" ind1=" " ind2=" ">
    <subfield code="a">Liqu&#xED;dos corporales y los ri&#xF1;ones</subfield>
  </datafield>
  <datafield tag="653" ind1=" " ind2=" ">
    <subfield code="a">C&#xE9;lulas sangu&#xED;neas, inmunidad y coagulaci&#xF3;n sangu&#xED;nea</subfield>
  </datafield>
  <datafield tag="653" ind1=" " ind2=" ">
    <subfield code="a">Respiraci&#xF3;n</subfield>
  </datafield>
  <datafield tag="653" ind1=" " ind2=" ">
    <subfield code="a">Fisiolog&#xED;a de la aviaci&#xF3;n, el espacio y el buceo en profundidad</subfield>
  </datafield>
  <datafield tag="653" ind1=" " ind2=" ">
    <subfield code="a">Sistema nervioso: principios generales y fisiolog&#xED;a de la sensibilidad</subfield>
  </datafield>
  <datafield tag="653" ind1=" " ind2=" ">
    <subfield code="a">Sistema nervioso: sentidos especiales</subfield>
  </datafield>
  <datafield tag="653" ind1=" " ind2=" ">
    <subfield code="a">Sistema nervioso: neurofisiolog&#xED;a motora e integradora</subfield>
  </datafield>
  <datafield tag="653" ind1=" " ind2=" ">
    <subfield code="a">Fisiolog&#xED;a gastrointestinal</subfield>
  </datafield>
  <datafield tag="653" ind1=" " ind2=" ">
    <subfield code="a">Metabolismo y regulaci&#xF3;n de la temperatura</subfield>
  </datafield>
  <datafield tag="653" ind1=" " ind2=" ">
    <subfield code="a">Endocrinolog&#xED;a y reproducci&#xF3;n</subfield>
  </datafield>
  <datafield tag="653" ind1=" " ind2=" ">
    <subfield code="a">Fisiolog&#xED;a deportiva</subfield>
  </datafield>
  <datafield tag="930" ind1=" " ind2=" ">
    <subfield code="a">2375</subfield>
  </datafield>
  <datafield tag="942" ind1=" " ind2=" ">
    <subfield code="2">ddc</subfield>
    <subfield code="c">BK</subfield>
    <subfield code="0">3</subfield>
  </datafield>
  <datafield tag="999" ind1=" " ind2=" ">
    <subfield code="c">842</subfield>
    <subfield code="d">842</subfield>
  </datafield>
  <datafield tag="952" ind1=" " ind2=" ">
    <subfield code="0">0</subfield>
    <subfield code="1">0</subfield>
    <subfield code="2">ddc</subfield>
    <subfield code="4">0</subfield>
    <subfield code="7">0</subfield>
    <subfield code="a">BFM</subfield>
    <subfield code="b">BFM</subfield>
    <subfield code="c">CR</subfield>
    <subfield code="d">2011-06-29</subfield>
    <subfield code="l">264</subfield>
    <subfield code="m">21</subfield>
    <subfield code="o">612 32 HAL</subfield>
    <subfield code="p">2375</subfield>
    <subfield code="r">2026-04-07</subfield>
    <subfield code="s">2025-10-17</subfield>
    <subfield code="t">Ej.26</subfield>
    <subfield code="w">2011-06-29</subfield>
    <subfield code="y">BK</subfield>
    <subfield code="z">Sede Tordos.</subfield>
    <subfield code="f"></subfield>
  </datafield>
  <datafield tag="952" ind1=" " ind2=" ">
    <subfield code="0">0</subfield>
    <subfield code="1">0</subfield>
    <subfield code="2">ddc</subfield>
    <subfield code="4">0</subfield>
    <subfield code="7">0</subfield>
    <subfield code="8">REF</subfield>
    <subfield code="a">BFM</subfield>
    <subfield code="b">BFM</subfield>
    <subfield code="c">REF</subfield>
    <subfield code="d">2011-06-29</subfield>
    <subfield code="l">1</subfield>
    <subfield code="m">10</subfield>
    <subfield code="o">612 32 HAL</subfield>
    <subfield code="p">2376</subfield>
    <subfield code="q">2029-03-01</subfield>
    <subfield code="r">2014-11-06</subfield>
    <subfield code="s">2012-07-11</subfield>
    <subfield code="t">Ej.27</subfield>
    <subfield code="w">2011-06-29</subfield>
    <subfield code="y">REF</subfield>
    <subfield code="z">LIBRO DE CATEDRA</subfield>
  </datafield>
  <datafield tag="952" ind1=" " ind2=" ">
    <subfield code="0">0</subfield>
    <subfield code="1">0</subfield>
    <subfield code="2">ddc</subfield>
    <subfield code="4">0</subfield>
    <subfield code="7">0</subfield>
    <subfield code="a">BFM</subfield>
    <subfield code="b">BFM</subfield>
    <subfield code="c">CR</subfield>
    <subfield code="d">2011-06-29</subfield>
    <subfield code="l">257</subfield>
    <subfield code="m">20</subfield>
    <subfield code="o">612 32 HAL</subfield>
    <subfield code="p">2377</subfield>
    <subfield code="r">2025-08-14</subfield>
    <subfield code="s">2025-08-07</subfield>
    <subfield code="t">Ej.28</subfield>
    <subfield code="w">2011-06-29</subfield>
    <subfield code="y">BK</subfield>
  </datafield>
  <datafield tag="952" ind1=" " ind2=" ">
    <subfield code="0">0</subfield>
    <subfield code="1">0</subfield>
    <subfield code="2">ddc</subfield>
    <subfield code="4">0</subfield>
    <subfield code="7">0</subfield>
    <subfield code="a">BFM</subfield>
    <subfield code="b">BFM</subfield>
    <subfield code="c">CR</subfield>
    <subfield code="d">2011-06-29</subfield>
    <subfield code="l">277</subfield>
    <subfield code="m">23</subfield>
    <subfield code="o">612 32 HAL</subfield>
    <subfield code="p">2378</subfield>
    <subfield code="r">2023-11-02</subfield>
    <subfield code="s">2023-10-25</subfield>
    <subfield code="t">Ej.29</subfield>
    <subfield code="w">2011-06-29</subfield>
    <subfield code="y">BK</subfield>
  </datafield>
  <datafield tag="952" ind1=" " ind2=" ">
    <subfield code="0">0</subfield>
    <subfield code="1">0</subfield>
    <subfield code="2">ddc</subfield>
    <subfield code="4">0</subfield>
    <subfield code="7">0</subfield>
    <subfield code="a">BFM</subfield>
    <subfield code="b">BFM</subfield>
    <subfield code="c">CR</subfield>
    <subfield code="d">2011-06-29</subfield>
    <subfield code="l">262</subfield>
    <subfield code="m">17</subfield>
    <subfield code="o">612 32 HAL</subfield>
    <subfield code="p">2379</subfield>
    <subfield code="r">2026-03-06</subfield>
    <subfield code="s">2026-02-11</subfield>
    <subfield code="t">Ej.30</subfield>
    <subfield code="w">2011-06-29</subfield>
    <subfield code="y">BK</subfield>
  </datafield>
  <datafield tag="952" ind1=" " ind2=" ">
    <subfield code="0">0</subfield>
    <subfield code="1">0</subfield>
    <subfield code="2">ddc</subfield>
    <subfield code="4">0</subfield>
    <subfield code="7">0</subfield>
    <subfield code="a">BFM</subfield>
    <subfield code="b">BFM</subfield>
    <subfield code="c">CR</subfield>
    <subfield code="d">2011-08-29</subfield>
    <subfield code="l">273</subfield>
    <subfield code="m">20</subfield>
    <subfield code="o">612 32 HAL</subfield>
    <subfield code="p">2380</subfield>
    <subfield code="r">2025-09-16</subfield>
    <subfield code="s">2025-09-09</subfield>
    <subfield code="t">Ej.31</subfield>
    <subfield code="w">2011-08-29</subfield>
    <subfield code="y">BK</subfield>
  </datafield>
  <datafield tag="952" ind1=" " ind2=" ">
    <subfield code="0">0</subfield>
    <subfield code="1">0</subfield>
    <subfield code="2">ddc</subfield>
    <subfield code="4">0</subfield>
    <subfield code="7">0</subfield>
    <subfield code="a">BFM</subfield>
    <subfield code="b">BFM</subfield>
    <subfield code="c">CR</subfield>
    <subfield code="d">2014-11-21</subfield>
    <subfield code="e">COMPRA PROMED 3er A&#xD1;O, NOVIEMBRE 2014</subfield>
    <subfield code="g">2000.00</subfield>
    <subfield code="l">167</subfield>
    <subfield code="m">23</subfield>
    <subfield code="o">612 32 HAL</subfield>
    <subfield code="p">3407</subfield>
    <subfield code="r">2026-02-25</subfield>
    <subfield code="s">2026-02-18</subfield>
    <subfield code="t">Ej.32</subfield>
    <subfield code="w">2014-11-21</subfield>
    <subfield code="y">BK</subfield>
    <subfield code="z">COMPRA PROMED 3er A&#xD1;O, NOVIEMBRE 2014. Sede Tordos.</subfield>
    <subfield code="f"></subfield>
  </datafield>
  <datafield tag="952" ind1=" " ind2=" ">
    <subfield code="0">0</subfield>
    <subfield code="1">0</subfield>
    <subfield code="2">ddc</subfield>
    <subfield code="4">0</subfield>
    <subfield code="7">0</subfield>
    <subfield code="a">BFM</subfield>
    <subfield code="b">BFM</subfield>
    <subfield code="c">CR</subfield>
    <subfield code="d">2014-11-21</subfield>
    <subfield code="e">COMPRA PROMED 3er A&#xD1;O, NOVIEMBRE 2014</subfield>
    <subfield code="g">2000.00</subfield>
    <subfield code="l">174</subfield>
    <subfield code="m">14</subfield>
    <subfield code="o">612 32 HAL</subfield>
    <subfield code="p">3408</subfield>
    <subfield code="r">2026-03-06</subfield>
    <subfield code="s">2025-12-09</subfield>
    <subfield code="t">Ej.33</subfield>
    <subfield code="w">2014-11-21</subfield>
    <subfield code="y">BK</subfield>
    <subfield code="z">COMPRA PROMED 3er A&#xD1;O, NOVIEMBRE 2014. Sede Tordos.</subfield>
    <subfield code="f"></subfield>
  </datafield>
  <datafield tag="952" ind1=" " ind2=" ">
    <subfield code="0">0</subfield>
    <subfield code="1">0</subfield>
    <subfield code="2">ddc</subfield>
    <subfield code="4">0</subfield>
    <subfield code="7">0</subfield>
    <subfield code="a">BFM</subfield>
    <subfield code="b">BFM</subfield>
    <subfield code="c">CR</subfield>
    <subfield code="d">2014-11-21</subfield>
    <subfield code="e">COMPRA PROMED 3er A&#xD1;O, NOVIEMBRE 2014</subfield>
    <subfield code="g">2000.00</subfield>
    <subfield code="l">180</subfield>
    <subfield code="m">23</subfield>
    <subfield code="o">612 32 HAL</subfield>
    <subfield code="p">3409</subfield>
    <subfield code="r">2025-09-19</subfield>
    <subfield code="s">2025-09-11</subfield>
    <subfield code="t">Ej.34</subfield>
    <subfield code="w">2014-11-21</subfield>
    <subfield code="y">BK</subfield>
    <subfield code="z">COMPRA PROMED 3er A&#xD1;O, NOVIEMBRE 2014</subfield>
  </datafield>
  <datafield tag="952" ind1=" " ind2=" ">
    <subfield code="0">0</subfield>
    <subfield code="1">0</subfield>
    <subfield code="2">ddc</subfield>
    <subfield code="4">0</subfield>
    <subfield code="7">0</subfield>
    <subfield code="8">REF</subfield>
    <subfield code="a">BFM</subfield>
    <subfield code="b">BFM</subfield>
    <subfield code="c">REF</subfield>
    <subfield code="d">2014-11-21</subfield>
    <subfield code="e">COMPRA PROMED 3er A&#xD1;O, NOVIEMBRE 2014</subfield>
    <subfield code="g">2000.00</subfield>
    <subfield code="l">46</subfield>
    <subfield code="o">612 32 HAL</subfield>
    <subfield code="p">3410</subfield>
    <subfield code="r">2026-03-02</subfield>
    <subfield code="s">2025-12-16</subfield>
    <subfield code="t">Ej.35</subfield>
    <subfield code="w">2014-11-21</subfield>
    <subfield code="y">REF</subfield>
    <subfield code="z">LIBRO DE CONSULTA. COMPRA PROMED 3er A&#xD1;O, NOVIEMBRE 2014. Sede Tordos. </subfield>
    <subfield code="f"></subfield>
  </datafield>
  <datafield tag="952" ind1=" " ind2=" ">
    <subfield code="0">0</subfield>
    <subfield code="1">0</subfield>
    <subfield code="2">ddc</subfield>
    <subfield code="4">0</subfield>
    <subfield code="7">0</subfield>
    <subfield code="a">BFM</subfield>
    <subfield code="b">BFM</subfield>
    <subfield code="c">CR</subfield>
    <subfield code="d">2014-11-21</subfield>
    <subfield code="e">COMPRA PROMED 3er A&#xD1;O, NOVIEMBRE 2014</subfield>
    <subfield code="g">2000.00</subfield>
    <subfield code="l">191</subfield>
    <subfield code="m">20</subfield>
    <subfield code="o">612 32 HAL</subfield>
    <subfield code="p">3411</subfield>
    <subfield code="r">2026-03-06</subfield>
    <subfield code="s">2025-12-19</subfield>
    <subfield code="t">Ej.36</subfield>
    <subfield code="w">2014-11-21</subfield>
    <subfield code="y">BK</subfield>
    <subfield code="z">COMPRA PROMED 3er A&#xD1;O, NOVIEMBRE 2014. Sede Tordos.</subfield>
    <subfield code="f"></subfield>
  </datafield>
  <datafield tag="952" ind1=" " ind2=" ">
    <subfield code="0">0</subfield>
    <subfield code="1">0</subfield>
    <subfield code="2">ddc</subfield>
    <subfield code="4">0</subfield>
    <subfield code="7">0</subfield>
    <subfield code="a">BFM</subfield>
    <subfield code="b">BFM</subfield>
    <subfield code="c">CR</subfield>
    <subfield code="d">2025-07-23</subfield>
    <subfield code="e">Donaci&#xF3;n Julio 2025</subfield>
    <subfield code="l">1</subfield>
    <subfield code="o">612 32 HAL</subfield>
    <subfield code="p">5046</subfield>
    <subfield code="r">2025-08-13</subfield>
    <subfield code="s">2025-08-06</subfield>
    <subfield code="t">Ej. 43</subfield>
    <subfield code="w">2025-07-23</subfield>
    <subfield code="y">BK</subfield>
    <subfield code="z">Donaci&#xF3;n Julio 2025</subfield>
    <subfield code="f"></subfield>
  </datafield>
  <datafield tag="952" ind1=" " ind2=" ">
    <subfield code="0">0</subfield>
    <subfield code="1">0</subfield>
    <subfield code="2">ddc</subfield>
    <subfield code="4">0</subfield>
    <subfield code="7">0</subfield>
    <subfield code="a">BFM</subfield>
    <subfield code="b">BFM</subfield>
    <subfield code="c">CR</subfield>
    <subfield code="d">2026-02-18</subfield>
    <subfield code="e">Donaci&#xF3;n Castro, Ver&#xF3;nica. Febrero 2026</subfield>
    <subfield code="l">0</subfield>
    <subfield code="o">612 32 HAL</subfield>
    <subfield code="p">5142</subfield>
    <subfield code="r">2026-02-19</subfield>
    <subfield code="t">Ej.44</subfield>
    <subfield code="w">2026-02-19</subfield>
    <subfield code="y">BK</subfield>
    <subfield code="z">Donaci&#xF3;n Castro, Ver&#xF3;nica. Febrero 2026. Sede Tordos.</subfield>
    <subfield code="f"></subfield>
  </datafield>
</record>
